000 00658nam a2200277Ia 4500
005 20260324140630.0
008 008 260324s9999 xx 000 0 eng d
020 _a9780429229510
037 _aEBOOK
040 _aCRL
040 _beng
040 _cCRL
041 _2eng
041 _aeng
084 _qCRL
100 _aAmedeo Fossati; John Hutton
_91205145
245 0 _aPolicy Simulations in the European Union
260 _bTaylor and Francis
260 _c1998
365 _a
365 _b89.99
856 _uhttp://www.taylorfrancis.com/books/9780429229510
942 _cEBOOK
999 _c1807409
_d1807409